000 00371nam a2200145Ia 4500
008 220217s9999||||xx |||||||||||||| ||und||
020 _a981-240-352-3
082 _a621.381 BIG
100 _aBignell, James Donovan, Robert
_91885
245 0 _aDigital electronics
250 _a4th
260 _aDelmark
_bAfrica
_c2000
300 _b120
650 _aELECTRONICS
999 _c167746
_d167746